Statistiques du Commerce Exterieur de l'Union Economique Belgo-Luxembourgeoise 1986 Addendum
Guardado en:
| Formato: | Libro |
|---|---|
| Lenguaje: | francés |
| Publicado: |
Bruxelles
Institut National de Statistique
1986
|
| Edición: | 1. éd. |
| Etiquetas: |
Sin Etiquetas, Sea el primero en etiquetar este registro!
|
MARC
| LEADER | 00000nam a2200000 4500 | ||
|---|---|---|---|
| 001 | c024330 | ||
| 005 | 20221220072914.2 | ||
| 041 | 0 | |a fre | |
| 044 | |a BE | ||
| 245 | 1 | 0 | |a Statistiques du Commerce Exterieur de l'Union Economique Belgo-Luxembourgeoise 1986 |b Addendum |
| 250 | |a 1. éd. | ||
| 264 | 1 | |a Bruxelles |b Institut National de Statistique |c 1986 | |
| 300 | |a 216 s. | ||